[Event "WY U-16 Olympiad"]
[Site "Burdur TUR"]
[Date "2010.11.28"]
[Round "3"]
[White "Lamawansa,Yasa"]
[Black "Iyti,B"]
[Result "0-1"]
[WhiteElo "1821"]
[BlackElo "2125"]

1.d4 Nf6 2.Bg5 c5 3.Bxf6 exf6 4.d5 Qb6 5.Qc1 Be7 6.e3 f5 7.Nd2 d6 8.Nc4 Qc7
9.a4 O-O 10.Bd3 Na6 11.c3 Qd7 12.Qd1 Nc7 13.Be2 b6 14.Bf3 Ba6 15.Na3 Bf6
16.Ne2 Rab8 17.Nf4 b5 18.Be2 b4 19.Nb1 bxc3 20.bxc3 Bxe2 21.Nxe2 Rfe8 22.O-O Re5
23.Nf4 g6 24.Qf3 Re4 25.Qd1 Qc8 26.Qc2 Re5 27.Rd1 Qa6 28.Na3 Re4 29.Nb5 Nxb5
30.axb5 Qxb5 31.Rdb1 Ra4 32.c4 Qb2  0-1

[Event "WCh Women"]
[Site "Antakya TUR"]
[Date "2010.12.04"]
[Round "1.1"]
[White "Mkrtchian,L"]
[Black "Zhang Xiaowen"]
[Result "1/2-1/2"]
[WhiteElo "2479"]
[BlackElo "2339"]

1.d4 Nf6 2.Bg5 d5 3.Bxf6 exf6 4.e3 f5 5.g3 Nd7 6.Bg2 Nf6 7.Ne2 c6 8.Qd3 Bd6
9.b3 Be6 10.O-O h5 11.c4 h4 12.Nbc3 a6 13.Nf4 Ne4 14.cxd5 cxd5 15.Ncxd5 hxg3
16.hxg3 Bxd5 17.Nxd5 Bxg3 18.fxg3 Qxd5 19.Rf4 Rc8 20.Raf1 g6 21.Bxe4 fxe4
22.Qxe4+ Qxe4 23.Rxe4+ Kf8 24.Re6 Rc2 25.Ref6 Rh7 26.R1f2 Rc6 27.R6f3 Ke7
28.Kg2 Rc3 29.g4 Rc1 30.Rf1 Rc2+ 31.R1f2 Rc1 32.g5 Ke8 33.Rg3 Rch1 34.Kf3 R7h5
35.Kf4 Ke7 36.e4 Re1 37.e5 Rh4+ 38.Rg4 Re4+ 39.Kxe4 Rxg4+ 40.Kd5 Rxg5 41.Rf6 Rg2
42.a4 g5 43.Rb6 g4 44.Rxb7+ Kf8 45.Ke4 Rf2 46.Rc7 g3 47.Rc8+ Ke7 48.Rg8 g2
49.b4 Rb2 50.b5 axb5 51.axb5 Ke6 52.d5+ Ke7 53.b6 Rxb6 54.Rxg2 Rb1 55.Rf2 Re1+
56.Kf5 Ra1 57.d6+ Kd7 58.Rf4 Rd1 59.Ke4 Re1+ 60.Kd4 Ke8 61.Kc5 Rxe5+ 62.Kc6 Re1  1/2-1/2

[Event "TCh-HUN 2010-11"]
[Site "Kazincbarcika HUN"]
[Date "2010.12.05"]
[Round "4"]
[White "Szabo,Leo"]
[Black "Bea,B"]
[Result "0-1"]
[WhiteElo "2185"]
[BlackElo "2109"]

1.d4 Nf6 2.Bg5 d5 3.Nd2 g6 4.e3 c6 5.c4 dxc4 6.Bxc4 Bg7 7.Ngf3 O-O 8.Qb3 Nbd7
9.O-O b5 10.Bd3 a6 11.Rac1 Bb7 12.Qa3 Rc8 13.Nb3 h6 14.Bh4 Nd5 15.Na5 Ba8
16.Nb3 g5 17.Bg3 f5 18.Qxa6 Nb4 19.Bc4+ bxc4 20.Qxc4+ Nd5 21.Nc5 Nxc5 22.Qxc5 f4
23.exf4 Nxf4 24.Rce1 Rc7 25.h4 g4 26.Ne5 Qd5 27.Qxd5+ cxd5 28.Ng6 Nxg6 29.Bxc7 Bxd4
30.Re6 Kf7 31.Rfe1 h5 32.R1e2 Rc8 33.Bg3 Rc1+ 34.Kh2 Bc6 35.b3 Bd7 36.Re1 Rc3
37.Ra6 Bf6 38.Ra7 Bc6 39.b4 d4 40.a4 Ra3 41.a5 d3 42.Rd1 Nxh4 43.Ra6 Ba4
44.Rd2 Bg5 45.f4 gxf3 46.Rf2 d2 47.Rxd2 Bxd2 48.Bxh4 Bf4+ 49.Bg3 f2  0-1

[Event "WCh Women"]
[Site "Antakya TUR"]
[Date "2010.12.06"]
[Round "1.3"]
[White "Mkrtchian,L"]
[Black "Zhang Xiaowen"]
[Result "0-1"]
[WhiteElo "2479"]
[BlackElo "2339"]

1.d4 Nf6 2.Bg5 c5 3.Bxf6 gxf6 4.d5 Qb6 5.Qc1 f5 6.c4 Bg7 7.Nc3 d6 8.e3 Nd7
9.Qc2 Nf6 10.Bd3 e6 11.Nge2 Bd7 12.Rb1 Rg8 13.O-O h5 14.Kh1 h4 15.h3 Nh5
16.f4 O-O-O 17.e4 fxe4 18.Bxe4 Bh6 19.a3 Rg7 20.b4 Rdg8 21.dxe6 Bxe6 22.bxc5 Qxc5
23.Rb5 Qe3 24.f5 Ng3+ 25.Nxg3 Rxg3 26.Bxb7+ Kd8 27.Bf3 Bxc4 28.Nd5 Bxd5 29.Rxd5 Bf4
30.Rd3 Qe5 31.Qb1 Be3 32.Qe1 Bd4 33.Qb4 Bc5 34.Qxh4+ Kc7 35.Qc4 Qxf5 36.Be2 Rxg2
37.Qxf7+ Qxf7 38.Rxf7+ Kb6 39.Rb3+ Ka5 40.Bf3 Ra2  0-1

[Event "31st Crespi Memorial"]
[Site "Milan ITA"]
[Date "2010.12.08"]
[Round "6"]
[White "Drazic,S"]
[Black "Mertens,H"]
[Result "0-1"]
[WhiteElo "2524"]
[BlackElo "2320"]

1.d4 Nf6 2.Bg5 d5 3.Nd2 g6 4.c3 Bg7 5.Bxf6 exf6 6.g3 O-O 7.Bg2 Re8 8.e3 c6
9.a4 Bf5 10.Ne2 Bd3 11.b4 a5 12.Nb3 Bxe2 13.Kxe2 axb4 14.cxb4 Qb6 15.Nc5 Qxb4
16.Qd3 f5 17.Rhd1 b6 18.Rab1 Qxd4 19.Qxd4 Bxd4 20.Nd3 Rxa4 21.Rdc1 b5 22.Nb4 Ba7
23.Kf1 Re6 24.Bf3 Kg7 25.Rc2 Bb6 26.Kg2 Ba5 27.Nd3 Nd7 28.Rbc1 Rc4 29.Ra2 Rxc1
30.Nxc1 Bb6 31.Ra8 Ne5 32.Rb8 Nxf3 33.Kxf3 c5 34.Nd3 g5 35.h3 b4 36.Ke2 b3
37.Nb2 c4 38.Na4 Ba7 39.Rb7 Ra6 40.Rb4 Rc6 41.Kd1 d4 42.Nb2 c3 43.Nd3 dxe3
44.fxe3 Bxe3 45.Ke2 f4 46.Rxb3 c2 47.Rb5 Rd6 48.Rxg5+ Kf8 49.Nc1 Bxc1 50.Rc5 fxg3
51.Rxc2 Rd2+  0-1

[Event "WCh Women"]
[Site "Antakya TUR"]
[Date "2010.12.09"]
[Round "2.3"]
[White "Hoang Thanh Trang"]
[Black "Lahno,Kateri"]
[Result "0-1"]
[WhiteElo "2473"]
[BlackElo "2522"]

1.d4 Nf6 2.Bg5 d5 3.Bxf6 exf6 4.e3 Bd6 5.c4 dxc4 6.Bxc4 Nd7 7.Nc3 O-O 8.Qc2 f5
9.Nf3 Nf6 10.h4 c6 11.h5 Qe7 12.Bd3 g6 13.hxg6 fxg6 14.Bc4+ Kg7 15.O-O-O b5
16.Bb3 a5 17.a4 Bd7 18.Qd2 b4 19.e4 Ng4 20.Ne2 fxe4 21.Ne5 Rxf2 22.Nxg4 Bxg4
23.Qh6+ Kh8 24.Qxg6 Bxe2 25.Rde1 Bd3 26.Rxh7+ Qxh7 27.Qxd6 Qh5 28.Qg3 Qh6+
29.Re3 Qh1+ 30.Bd1 Rc2+  0-1

[Event "48th ch-IND"]
[Site "New Delhi IND"]
[Date "2010.12.10"]
[Round "2"]
[White "Shyam,SM"]
[Black "Gopal,G"]
[Result "0-1"]
[WhiteElo "2439"]
[BlackElo "2609"]

1.d4 Nf6 2.Bg5 d5 3.Bxf6 exf6 4.e3 Bd6 5.g3 c6 6.Bg2 Nd7 7.Ne2 f5 8.O-O Nf6
9.b3 h5 10.c4 Be6 11.cxd5 Bxd5 12.Bxd5 cxd5 13.Qd3 Qd7 14.Nbc3 h4 15.Qb5 Rc8
16.Rac1 Ba3 17.Qxd7+ Kxd7 18.Rcd1 Ne4 19.Rd3 hxg3 20.fxg3 Bb4 21.Rxf5 Nxc3
22.Nxc3 Bxc3 23.Rxf7+ Kd6 24.Rxg7 Bb2 25.Rg6+ Kd7 26.Rd2 Bc1 27.Re2 Rhe8
28.Rg7+ Kd6 29.Kf2 Rc3 30.Rxb7 Bxe3+ 31.Kg2 Re4 32.Rxa7 Bxd4 33.Ra6+ Ke5
34.Rd2 Be3 35.Rd1 Rc2+ 36.Kh3 d4 37.Ra5+ Kd6 38.b4 Re5 39.Rxe5 Kxe5 40.Kg4 Ke4
41.h4 d3 42.h5 d2  0-1

[Event "London Chess Classic FIDE Open Busy"]
[Site "London ENG"]
[Date "2010.12.11"]
[Round "2"]
[White "Grassie,D"]
[Black "Ponting,A"]
[Result "1-0"]
[WhiteElo "2096"]
[BlackElo "1860"]

1.d4 d5 2.Bg5 Nf6 3.Bxf6 gxf6 4.c4 c6 5.e3 Qb6 6.Qc2 Na6 7.a3 Bf5 8.Qxf5 Qxb2
9.cxd5 Nc7 10.dxc6 e6 11.Qd3 Qxa1 12.cxb7 Rb8 13.Qb3 Bxa3 14.Bb5+ Kd8 15.Ba4 Bb2
16.Qc2 Rxb7 17.Ne2 Rb4 18.Bc6 Rc4 19.Qxc4 Qxb1+ 20.Kd2 Qxh1 21.Qb4 Qxh2 22.Nf4 Bc1+
23.Ke2 Qh4 24.Qd6+ Kc8 25.Bd7+ Kb7 26.Qb4+ Ka6 27.Qc4+ Kb7 28.Qb4+ Ka6 29.Nd3 Qh5+
30.f3 Nb5 31.Nc5+  1-0

[Event "17th Open A"]
[Site "Zadar CRO"]
[Date "2010.12.12"]
[Round "1.17"]
[White "Drazic,S"]
[Black "Hoelzl,F"]
[Result "1-0"]
[WhiteElo "2524"]
[BlackElo "2327"]

1.d4 Nf6 2.Bg5 d5 3.Nd2 Nbd7 4.e3 e6 5.Bd3 Be7 6.f4 b6 7.Qf3 Bb7 8.Ne2 c5
9.c3 h6 10.Bh4 Ne4 11.Bxe7 Nxd2 12.Bxd8 Nxf3+ 13.gxf3 Rxd8 14.Kf2 Ke7 15.h4 h5
16.f5 cxd4 17.cxd4 exf5 18.Bxf5 Nf6 19.Rac1 Bc8 20.Rc7+ Kd6 21.Rhc1 Bd7 22.e4 dxe4
23.fxe4 Ng4+ 24.Kf3 g6 25.e5+ Ke7 26.Be4 Rc8 27.Rxa7 Rxc1 28.Nxc1 Rc8 29.Ne2 f6
30.Nf4 Rc1 31.e6  1-0

[Event "Stanitsa Winter 2010"]
[Site "Stanitsa-Luganskaya UKR"]
[Date "2010.12.16"]
[Round "1"]
[White "Semeniuk,Vladimir"]
[Black "Gutsko,N"]
[Result "1-0"]
[WhiteElo "2259"]
[BlackElo "2287"]

1.d4 Nf6 2.Bg5 d5 3.Bxf6 exf6 4.e3 Be6 5.Bd3 Bd6 6.Qf3 Qd7 7.h3 Nc6 8.c3 Ne7
9.Nd2 c6 10.Ne2 O-O 11.Ng3 Bxg3 12.Qxg3 Bf5 13.Be2 Bg6 14.O-O Nf5 15.Qf4 Nd6
16.c4 Rac8 17.Rac1 Rfe8 18.cxd5 cxd5 19.Bf3 Bd3 20.Rfe1 Nc4 21.Nxc4 Rxc4
22.b3 Rc6 23.Rc5 Rxc5 24.dxc5 d4 25.Qd6 Qxd6 26.cxd6 Bb5 27.Bxb7 Rb8 28.Be4 d3
29.Rd1 Rd8 30.Bxd3 Rxd6 31.Bxh7+  1-0

[Event "2nd Balkan Grand Prix Final"]
[Site "Belgrade SRB"]
[Date "2010.12.18"]
[Round "8"]
[White "Miladinovic,I"]
[Black "Jianu,V"]
[Result "0-1"]
[WhiteElo "2560"]
[BlackElo "2538"]

1.d4 Nf6 2.Bg5 c5 3.Bxf6 gxf6 4.d5 Qb6 5.e4 f5 6.Nd2 fxe4 7.Nxe4 Qb4+ 8.Nd2 Bh6
9.Nf3 d6 10.Rb1 Rg8 11.g3 Bg4 12.c3 Bxd2+ 13.Nxd2 Bxd1 14.cxb4 Bg4 15.bxc5 dxc5
16.Bd3 Rg5 17.O-O Nd7 18.Be4 Nf6 19.Bg2 Rd8 20.Rfe1 b6 21.f4 Rh5 22.Nc4 Bh3
23.Bf3 Bg4 24.Bh1 Nxd5 25.Ne5 Be6 26.Rbd1 Nb4 27.a3 Rxd1 28.Rxd1 Nc2 29.Bf3 Rh6
30.Bc6+ Kf8 31.Rd8+ Kg7 32.Re8 Nd4 33.Bg2 Kf6 34.g4 Ne2+ 35.Kf2 Nxf4 36.g5+ Kxg5
37.Nf3+ Kf6 38.Bf1 Bd5 39.Rg8 Bxf3 40.Kxf3 Rxh2  0-1

[Event "Stanitsa Winter 2010"]
[Site "Stanitsa-Luganskaya UKR"]
[Date "2010.12.19"]
[Round "8"]
[White "Gutsko,N"]
[Black "Abkarian,S"]
[Result "1-0"]
[WhiteElo "2287"]
[BlackElo "2244"]

1.d4 d5 2.Bg5 Nf6 3.Bxf6 exf6 4.e3 Bd6 5.c4 dxc4 6.Bxc4 O-O 7.Nc3 c6 8.Nf3 Bg4
9.h3 Bh5 10.g4 Bg6 11.Nh4 b5 12.Nxg6 hxg6 13.Bb3 a5 14.a4 b4 15.Ne4 f5 16.Nxd6 Qxd6
17.Qf3 Qf6 18.O-O-O fxg4 19.Qxf6 gxf6 20.hxg4 Kg7 21.Rh3 Nd7 22.Rdh1 Rh8
23.Rxh8 Rxh8 24.Rxh8 Kxh8 25.Bxf7 g5 26.Be8 Nb8 27.Kd2 Kg7 28.Kd3 Kf8 29.Bg6 Ke7
30.Bf5 Na6 31.f4 Kd6 32.fxg5 fxg5 33.e4 c5 34.e5+ Kd5 35.Bc8 Nc7 36.Bb7+ Ke6
37.Ke4 cxd4 38.Bc8+ Ke7 39.Kxd4  1-0

[Event "Azerbaijanian Solidarity Day"]
[Site "Baku AZE"]
[Date "2010.12.23"]
[Round "2.3"]
[White "Bagirov,R"]
[Black "Abasov,N"]
[Result "1/2-1/2"]
[WhiteElo "2470"]
[BlackElo "2505"]

1.d4 Nf6 2.Bg5 d5 3.e3 Nbd7 4.Nd2 e5 5.Ngf3 e4 6.Ne5 Bd6 7.Nxd7 Bxd7 8.c4 c6
9.Qb3 Qa5 10.c5 Bc7 11.Bxf6 gxf6 12.Qc3 Qxc3 13.bxc3 Ke7 14.Nb3 b5 15.Be2 a5
16.a3 Rhg8 17.g3 Bh3 18.Bf1 Bd7 19.Be2 Bh3 20.Bf1 Bd7 21.Be2 Bh3  1/2-1/2

[Event "Azerbaijanian Solidarity Day"]
[Site "Baku AZE"]
[Date "2010.12.27"]
[Round "8.2"]
[White "Bagirov,R"]
[Black "Orujov,S"]
[Result "1-0"]
[WhiteElo "2470"]
[BlackElo "2152"]

1.d4 Nf6 2.Bg5 d5 3.Bxf6 exf6 4.e3 Bd6 5.g3 O-O 6.Bg2 c6 7.Nd2 Be6 8.Ne2 Re8
9.O-O Nd7 10.e4 dxe4 11.Nxe4 Bc7 12.Re1 f5 13.N4c3 Nf6 14.Qd3 g6 15.Rad1 Nd5
16.Nxd5 Bxd5 17.Bxd5 Qxd5 18.c4 Qd7 19.d5 Rad8 20.Nc3 Rxe1+ 21.Rxe1 Ba5 22.Rd1 Bxc3
23.dxc6 Qxd3 24.Rxd3 Rxd3 25.c7 Bxb2 26.c8=Q+ Kg7 27.Qxb7 Bd4 28.Qb4 Rd1+
29.Kg2 Rc1 30.c5 Bf6 31.h4 Rc2 32.h5 Rxa2 33.c6 Rc2 34.Qd6 Bd8 35.h6+  1-0

[Event "Schaakfestival Open A"]
[Site "Groningen NED"]
[Date "2010.12.27"]
[Round "6"]
[White "Aronov,I"]
[Black "Sparenberg,E"]
[Result "1-0"]
[WhiteElo "2207"]
[BlackElo "2095"]

1.d4 Nf6 2.Bg5 d5 3.Bxf6 gxf6 4.c4 c6 5.cxd5 cxd5 6.Nc3 Nc6 7.e3 e6 8.Nge2 Bd7
9.g3 Bd6 10.Bg2 f5 11.O-O Ne7 12.f3 Bc6 13.e4 Qb6 14.Qd2 O-O-O 15.Kh1 Kb8
16.e5 Bc7 17.Rfb1 Rc8 18.b4 Bb5 19.Nxb5 Qxb5 20.a4 Qd7 21.b5 Qd8 22.a5 Ng6
23.Nc3 h5 24.Na4 Qe7 25.Nb6 Qd8 26.Nxc8 Qxc8 27.a6 h4 28.axb7 Qd8 29.b6  1-0

[Event "Rilton Cup 2010-11"]
[Site "Stockholm SWE"]
[Date "2010.12.28"]
[Round "2"]
[White "Bouaraba,M"]
[Black "Wenzel,B"]
[Result "1/2-1/2"]
[WhiteElo "2219"]
[BlackElo "2060"]

1.d4 Nf6 2.Bg5 d5 3.Bxf6 exf6 4.e3 c6 5.c4 dxc4 6.Bxc4 Bd6 7.Nf3 O-O 8.Nc3 f5
9.O-O Nd7 10.Qc2 g6 11.Rfd1 Nf6 12.Ne5 Qe7 13.f4 Be6 14.Qb3 Bxc4 15.Qxc4 Rad8
16.a3 Bb8 17.Rac1 Nd5 18.Nxd5 Rxd5 19.Qb3 Bxe5 20.dxe5 Rfd8 21.Rxd5 Rxd5
22.Rd1 Rxd1+ 23.Qxd1 Kf8 24.Qd4 a6 25.g3 Ke8 26.e4 Qd7 27.Qxd7+ Kxd7 28.Kf2 c5
29.h3 h5 30.Ke3 b5 31.a4 Ke6 32.axb5 axb5 33.Kd3 Kd7 34.Ke3 Kc6 35.Kd3 Kc7
36.Ke3 Kd7 37.Kd2 Ke7 38.Ke3 Ke6 39.Kd3  1/2-1/2

[Event "North American Open"]
[Site "Las Vegas USA"]
[Date "2010.12.29"]
[Round "7"]
[White "Gurczak,J"]
[Black "Omori,Michael"]
[Result "1/2-1/2"]
[WhiteElo "2120"]
[BlackElo "2234"]

1.d4 Nf6 2.Bg5 g6 3.Bxf6 exf6 4.e3 d6 5.g3 f5 6.Bg2 Nd7 7.Ne2 h5 8.h4 Nf6
9.Nd2 c6 10.c4 Bh6 11.b4 Bd7 12.a4 O-O 13.O-O Ng4 14.Nf4 Re8 15.b5 g5 16.hxg5 Bxg5
17.Nf3 h4 18.Nxg5 Qxg5 19.Nh3 Qh6 20.Qf3 Re4 21.Ra3 Rae8 22.Nf4 R4e7 23.gxh4 Qxh4
24.Qh3 Qg5 25.Qh5 f6 26.Qxg5+ fxg5 27.Nh3 Rg7 28.Rb3 Rf8 29.bxc6 Bxc6 30.Bxc6 bxc6
31.Rfb1 Nf6 32.Rb7 Ne4 33.Kg2 Nd2 34.Rxg7+ Kxg7 35.Rb7+  1/2-1/2

[Event "34th Christmas Master Open"]
[Site "Zuerich SUI"]
[Date "2010.12.29"]
[Round "6"]
[White "Jussupow,Al"]
[Black "Wyss,J"]
[Result "0-1"]
[WhiteElo "2147"]
[BlackElo "2307"]

1.d4 Nf6 2.Bg5 c5 3.Nc3 cxd4 4.Qxd4 Nc6 5.Qh4 e6 6.O-O-O Be7 7.e4 d6 8.Nf3 Bd7
9.Bb5 Qc7 10.Rhe1 O-O-O 11.Bf4 Nxe4 12.Nxe4 Bxh4 13.Nxd6+ Kb8 14.Nxh4 e5
15.Bg3 Bg4 16.f3 Rxd6 17.Rxd6 Qxd6 18.Bxc6 Qxc6  0-1

[Event "Berkeley Int Open"]
[Site "Berkeley USA"]
[Date "2011.01.03"]
[Round "3"]
[White "Almeida Saenz,A"]
[Black "Bachmann,Ax"]
[Result "1/2-1/2"]
[WhiteElo "2356"]
[BlackElo "2548"]

1.d4 Nf6 2.Bg5 g6 3.Bxf6 exf6 4.e3 f5 5.Ne2 Bg7 6.g3 O-O 7.Bg2 d5 8.Nd2 c6
9.O-O Nd7 10.b3 Nf6 11.c4 Be6 12.Nf4 Ne4 13.Rc1 Qe7 14.cxd5 cxd5 15.Nxe4 fxe4
16.Rc5 Rad8 17.Qc2 g5 18.Nxe6 fxe6 19.Rc7 Rd7 20.Rc1 Rxc7 21.Qxc7 Qxc7 22.Rxc7 Rf7
23.Rc8+ Bf8 24.Bh3 Re7 25.Bg4 Kf7 26.Bh5+ Kg7 27.Kg2 a6 28.Kh3 h6 29.Kg4 Rd7
30.Be8 Re7 31.h4 gxh4 32.gxh4 Kf6 33.h5 Bg7 34.Bg6 Rd7 35.a4 Ke7 36.b4 Rd8
37.Rc7+ Rd7 38.Rc8 Rd8 39.Rc7+ Rd7 40.Rc8  1/2-1/2

[Event "XIV New Year Open"]
[Site "Guben GER"]
[Date "2011.01.04"]
[Round "5.6"]
[White "Mladenov,P"]
[Black "Franzke,A"]
[Result "1-0"]
[WhiteElo "2396"]
[BlackElo "1998"]

1.d4 Nf6 2.Bg5 d5 3.Bxf6 exf6 4.e3 g6 5.Nd2 Bd6 6.c4 dxc4 7.Bxc4 O-O 8.Ne2 f5
9.Bd5 c5 10.Bf3 f4 11.dxc5 fxe3 12.cxd6 exd2+ 13.Qxd2 Nc6 14.Bxc6 bxc6 15.O-O Be6
16.Nc3 Bd5 17.Qd4 f5 18.Qc5 Qb6 19.Qxb6 axb6 20.Nxd5 cxd5 21.Rfd1 Ra5 22.b4 Ra4
23.a3 Rfa8 24.g3 Kf7 25.Rxd5 Ke6 26.Rd4 Kd7 27.Rc1 R8a7 28.Re1 Kd8 29.Re6 Rxa3
30.h4 Rc3 31.h5 gxh5 32.Rf6 Rg7 33.Rf8+ Kd7 34.Rb8 Rg4 35.Rd5 Rxb4 36.Rb7+  1-0

[Event "Berkeley Int Open"]
[Site "Berkeley USA"]
[Date "2011.01.05"]
[Round "7"]
[White "Almeida Saenz,A"]
[Black "Troff,Kayden"]
[Result "1-0"]
[WhiteElo "2356"]
[BlackElo "2247"]

1.d4 Nf6 2.Bg5 c5 3.Bxf6 gxf6 4.d5 Qb6 5.Qc1 f5 6.c4 Bh6 7.e3 f4 8.Nc3 fxe3
9.fxe3 d6 10.Bd3 Bg4 11.Nf3 Nd7 12.Kf2 f5 13.Qc2 O-O-O 14.Ne2 Kb8 15.h3 Bxf3
16.gxf3 Ne5 17.f4 Qxb2 18.fxe5 Qxe5 19.Qd2 f4 20.exf4 Bxf4 21.Nxf4 Rdf8 22.Kf3 Qh5+
23.Kg3 Qg5+ 24.Kh2 Qxf4+ 25.Qxf4 Rxf4 26.Rhf1 Rd4 27.Rf3 h6 28.Re1 Re8 29.Re4 e5
30.dxe6 Rxe4 31.Bxe4 Rxe6 32.Rf8+ Kc7 33.Rf7+ Kd8 34.Bxb7 Re2+ 35.Kg3 Rxa2
36.Rh7 a5 37.Rxh6 a4 38.Bd5 Ke7 39.Re6+ Kd7 40.Rf6 Kc7 41.Rf7+ Kb6 42.Rb7+ Ka5
43.Rb5+ Ka6 44.h4 Re2 45.Bb7+ Ka7 46.Bf3  1-0

[Event "1st HDBank Cup"]
[Site "Ho Chi Minh City VIE"]
[Date "2011.01.05"]
[Round "4.5"]
[White "Cao,S"]
[Black "Wen Yang"]
[Result "1/2-1/2"]
[WhiteElo "2558"]
[BlackElo "2509"]

1.d4 Nf6 2.Bg5 d5 3.Bxf6 exf6 4.e3 g6 5.c4 dxc4 6.Bxc4 Bg7 7.Nf3 O-O 8.O-O f5
9.Nc3 b6 10.Qe2 Bb7 11.Rfd1 a6 12.a4 Qd6 13.Rab1 Nc6 14.Bd5 Rad8 15.Qf1 Bc8
16.Bxc6 Qxc6 17.Rbc1 Qe6 18.b4 Qb3 19.b5 a5 20.Ne5 Bb7 21.f4 Rfe8 22.Qe2 Bf8
23.Kf2 Bb4 24.Qa2 Qe6 25.Qxe6 Rxe6 26.Ne2 Bd6 27.Nc4 Bb4 28.Ne5 Bd6 29.Nc4 Bb4
30.Ne5  1/2-1/2

[Event "23rd Staufer-Open"]
[Site "Leinzell GER"]
[Date "2011.01.05"]
[Round "7"]
[White "Zweschper,E"]
[Black "Wagner,Fl"]
[Result "1-0"]
[WhiteElo "2133"]
[BlackElo "2296"]

1.d4 Nf6 2.Bg5 d5 3.Bxf6 exf6 4.e3 f5 5.c4 c6 6.Qb3 dxc4 7.Bxc4 Qc7 8.a4 Bd6
9.Nf3 O-O 10.Nc3 Nd7 11.Rc1 Nf6 12.Bd3 Qe7 13.Qc2 g6 14.O-O Re8 15.g3 a5
16.Nd2 Bd7 17.Rce1 Rad8 18.e4 fxe4 19.Ndxe4 Bh3 20.Nxf6+ Qxf6 21.Rxe8+ Rxe8
22.Rd1 Bb4 23.Be4 Bg4 24.Rd2 Qe7 25.f3 Bh3 26.Re2 Qd7 27.Qd1 Rd8 28.Rd2 Bc5
29.Ne2 Be6 30.Kg2 Ba7 31.h4 Bc4 32.Bd3 Bd5 33.Be4 Bc4 34.Bd3 Bd5 35.Be4 Bb8
36.Nc3 Qd6 37.Qe1 Bc4 38.Bc2 Kg7 39.h5 Qb4 40.Qe3 Be6 41.h6+ Kg8 42.Qg5 Rxd4
43.Re2 Qf8 44.Ne4 Qd8 45.Nf6+ Kh8 46.Bb3 Qd6 47.Nd7 Qxg3+ 48.Qxg3 Bxg3 49.Bxe6 fxe6
50.Rxe6 Kg8  1-0

[Event "Australian Open"]
[Site "Cammeray AUS"]
[Date "2011.01.06"]
[Round "5.42"]
[White "Brockman,R"]
[Black "Bleicher,H"]
[Result "1-0"]
[WhiteElo "1727"]
[BlackElo "1767"]

1.d4 Nf6 2.Bg5 d5 3.Bxf6 exf6 4.e3 Bd6 5.c4 c6 6.Nc3 Be6 7.cxd5 cxd5 8.Bd3 Nc6
9.Nge2 Rc8 10.O-O O-O 11.Ng3 g6 12.f4 f5 13.a3 Qf6 14.Qf3 Ne7 15.Rac1 Rfd8
16.Rc2 Bb8 17.Rfc1 Nc6 18.Kh1 Rc7 19.Nge2 Re7 20.b4 a6 21.Ng3 Ba7 22.Nce2 Ree8
23.Bxa6 Nxd4 24.Nxd4 bxa6 25.Nc6 Rd7 26.Nxa7 Rxa7 27.Ne2 Qd8 28.Nd4 Qd7 29.Rc3 Qa4
30.h3 Kg7 31.Kh2 Qd7 32.Rc6 a5 33.b5 a4 34.b6 Ra6 35.Qe2 Qb7 36.Rb1 Raa8
37.Rc7 Qb8 38.Nc6  1-0

[Event "XX Keres Mem Rapid"]
[Site "Tallinn EST"]
[Date "2011.01.08"]
[Round "1"]
[White "Smirnov,Arte"]
[Black "Ehlvest,J"]
[Result "0-1"]
[WhiteElo "2428"]
[BlackElo "2586"]

1.d4 Nf6 2.Bg5 d5 3.Bxf6 exf6 4.e3 Bd6 5.c4 dxc4 6.Bxc4 O-O 7.Nc3 c6 8.Qc2 Nd7
9.Nf3 Re8 10.h4 a5 11.Bd3 Nf8 12.O-O-O a4 13.Kb1 Be6 14.Ne4 Be7 15.Nc5 Bxc5
16.dxc5 Qe7 17.Nd2 a3 18.b3 Bd5 19.h5 h6 20.Rh4 Red8 21.Bf5 Be6 22.Bd3 Rd5
23.b4 Rad8 24.Be2 Bf5 25.e4 Rd4 26.f3 Rxb4+ 27.Nb3 Rxd1+ 28.Bxd1 Be6 29.Qc3 Rc4
30.Qe3 f5 31.Rh1 fxe4 32.Be2 exf3 33.Qxf3 Bg4  0-1

[Event "TCh-BEL 2010-11"]
[Site "Hauset BEL"]
[Date "2011.01.09"]
[Round "6.7"]
[White "Vanstreels,L"]
[Black "Bertrem,S"]
[Result "0-1"]
[WhiteElo "2034"]
[BlackElo "2195"]

1.d4 Nf6 2.Bg5 c5 3.Bxf6 gxf6 4.d5 Bg7 5.c4 d6 6.Nc3 Na6 7.e4 Bd7 8.Nge2 f5
9.exf5 Bxf5 10.Ng3 Bg6 11.f4 e6 12.Be2 h5 13.dxe6 fxe6 14.f5 exf5 15.O-O Qd7
16.Bd3 O-O-O 17.Nxf5 Nb4 18.Be4 Be5 19.a3 Nc6 20.Nb5 Kb8 21.Nfxd6 Qh7 22.Bxc6 bxc6
23.Qb3 Bc2 24.Qe3 Bxd6 25.Nxd6 Rxd6 26.Qe5 Rd8 27.Rf8 Kb7 28.Raf1 Rxf8 29.Rxf8 Qd7
30.Qxc5 Rd1+ 31.Kf2 Qd2+ 32.Kg3 Qe1+ 33.Kh3 Qe6+ 34.Kg3 Qg4+ 35.Kf2 Rd2+
36.Ke3 Qe2+ 37.Kf4 Qe4+ 38.Kg5 Rxg2+ 39.Kf6 Rg6+ 40.Kf7 Qe6+  0-1

[Event "Marienbad Open"]
[Site "Marianske Lazne CZE"]
[Date "2011.01.19"]
[Round "6"]
[White "Tesar,J"]
[Black "Stankiewicz,P"]
[Result "0-1"]
[WhiteElo "2126"]
[BlackElo "2005"]

1.d4 Nf6 2.Bg5 d5 3.Nd2 g6 4.Bxf6 exf6 5.g3 c6 6.Bg2 Nd7 7.e3 f5 8.Ne2 Nf6
9.O-O Bd6 10.c4 dxc4 11.Nxc4 Bc7 12.Nf4 O-O 13.Qc2 Qe7 14.Rfd1 Be6 15.Rac1 Rfd8
16.a3 Nd5 17.Nd3 a5 18.Nc5 Bc8 19.Rb1 b6 20.Nd3 Bb7 21.b4 axb4 22.axb4 Ra7
23.Rdc1 f6 24.Qb3 Rda8 25.b5 cxb5 26.Ncb2 Qf7 27.Nb4 Rd8 28.Rxc7 Nxc7 29.d5 Rd6
30.Rd1 Ra8 31.N2d3 Rad8 32.Ra1 Nxd5 33.Ra7 R8d7 34.Rxb7 Nxb4 35.Qxf7+ Kxf7
36.Rxd7+ Rxd7 37.Nxb4 Rd1+ 38.Bf1 Rb1 39.Nc6 b4 40.Kg2 Rxf1 41.Kxf1 b3 42.Nd8+ Ke8  0-1

[Event "ch-AZE"]
[Site "Baku AZE"]
[Date "2011.01.22"]
[Round "2.5"]
[White "Abbasov,F"]
[Black "Mamedov,Nid"]
[Result "1/2-1/2"]
[WhiteElo "2537"]
[BlackElo "2580"]

1.d4 Nf6 2.Bg5 d5 3.e3 g6 4.Bxf6 exf6 5.g3 Bd6 6.Bg2 c6 7.Ne2 Nd7 8.Nd2 f5
9.c4 dxc4 10.Nxc4 Bc7 11.O-O Nf6 12.Nc3 O-O 13.a3 h5 14.h4 Re8 15.Rc1 Be6
16.Qd3 Qe7 17.Nd2 Rad8 18.Nf3 c5 19.Qb5 Bb6 20.dxc5 Qxc5 21.Qxc5 Bxc5 22.Nb5 Bb6
23.Nc7 Re7 24.Nxe6 Rxe6 25.Rfd1 Red6 26.Rxd6 Rxd6 27.Ne5 Ne4 28.Rc2 Kg7 29.Bf1 Rd1
30.Kg2 Rd2  1/2-1/2

[Event "ch-AZE"]
[Site "Baku AZE"]
[Date "2011.01.22"]
[Round "2.1"]
[White "Bagirov,R"]
[Black "Abasov,N"]
[Result "1-0"]
[WhiteElo "2471"]
[BlackElo "2486"]

1.d4 Nf6 2.Bg5 d5 3.Bxf6 exf6 4.e3 Be6 5.Nd2 Bd6 6.Ngf3 O-O 7.c4 dxc4 8.Bxc4 Bxc4
9.Nxc4 Bb4+ 10.Ke2 Qd5 11.Qb3 Nc6 12.Rac1 Rfe8 13.Rhd1 a5 14.Ncd2 Qh5 15.Kf1 a4
16.Qd3 a3 17.b3 Bd6 18.h3 Nb4 19.Qb1 b5 20.Ne4 Nd5 21.Nc3 Nxe3+ 22.fxe3 Rxe3
23.Rd3 Re7 24.Re1 Rae8 25.Rxe7 Rxe7 26.Qc1 h6 27.Rd1 b4 28.Ne2 Qf5 29.Qb1 Qb5
30.Qd3 Qe8 31.Kf2 h5 32.Ng3 Bxg3+ 33.Kxg3 Re3 34.Qd2 Qe7 35.Re1 Qd6+ 36.Kf2 Rc3
37.Rc1 Rxc1 38.Qxc1 g5 39.Qc5 Qf4 40.g3 Qe4 41.Qxb4 g4 42.hxg4 hxg4 43.Ne1 Qf5+
44.Ke3 Qf1 45.Qd2 Qb5 46.Nd3 Qe8+ 47.Kf2 Qc6 48.Qe2 f5 49.Nf4 Qh1 50.Qe8+ Kg7
51.Qe5+ Kg8 52.Nd5 Qf3+ 53.Ke1 Qh1+ 54.Kd2 Qg2+ 55.Kc3 Qxa2 56.Nf6+ Kf8 57.Nd7+ Kg8
58.Qe8+ Kg7 59.Qf8+ Kh7 60.Qxf7+ Kh8 61.Nf6 Qb2+ 62.Kc4 Qc2+ 63.Kb5 Qd3+
64.Ka5 Qc3+ 65.b4  1-0

[Event "3rd Chennai Open"]
[Site "Chennai IND"]
[Date "2011.01.22"]
[Round "7"]
[White "Chernyshov,K"]
[Black "Ramakrishna,J"]
[Result "1-0"]
[WhiteElo "2597"]
[BlackElo "2268"]

1.d4 Nf6 2.Bg5 c5 3.Bxf6 gxf6 4.c3 Qb6 5.Qd2 d5 6.e3 Bf5 7.Nf3 Nc6 8.dxc5 Qxc5
9.b4 Qd6 10.Nd4 Nxd4 11.cxd4 Rc8 12.Bb5+ Kd8 13.a3 Rg8 14.g3 Rc2 15.Qd1 Bh6
16.Ba4 Rc7 17.Nd2 Rc3 18.Qh5 Bg5 19.Qxf7 Be6 20.Qxh7 Bxe3 21.fxe3 Rxe3+ 22.Kf2 Rexg3
23.hxg3 Qxg3+ 24.Kf1 Qf4+ 25.Ke1 Qe3+ 26.Kd1 Qc3 27.Qxg8+ Bxg8 28.Ra2 Qxd4
29.Kc1 Qc3+ 30.Kd1 Qg3 31.Bb3 Kd7 32.Rc2 Be6 33.Kc1 Bf5 34.Rc5 e6 35.Rf1 Qe5
36.Ba4+ Ke7 37.Bc2 Qe3 38.Bxf5 Qxa3+ 39.Kd1 Qxb4 40.Rc7+ Kd6 41.Rf7 exf5
42.Rxf6+ Kc5 43.R6xf5 a5 44.R1f4 Qb2 45.Re4 b5 46.Ree5 Qa1+ 47.Ke2 Qa2 48.Re8 a4
49.Rc8+ Kb4 50.Rf4+ Ka5 51.Ra8+ Kb6 52.Rb4 d4 53.Rxd4 Qe6+ 54.Re4 Qc6 55.Rae8 Ka5
56.Kd1 Qd7 57.Ke2 Qc6 58.R8e5 Qc2 59.Rh5 a3 60.Rh8 Qc6 61.Rhe8 Qd5 62.R8e5 Qg8
63.Nc4+ Ka6 64.Re6+ Kb7 65.Nxa3 Qg2+ 66.Kd3 Qf1+ 67.Kc2 Qf2+ 68.Kb3 Qf1 69.Kb2 Kc7
70.R6e5 b4 71.Nb5+ Kd7 72.Kb3 Qb1+ 73.Kc4 b3 74.Re7+ Kd8 75.Re8+ Kd7 76.R4e7+ Kc6
77.Rc7+ Kb6 78.Rb8+  1-0

[Event "ITT La Pergola Jardin"]
[Site "Asuncion URU"]
[Date "2011.01.23"]
[Round "6.1"]
[White "Latorre,Mat"]
[Black "Vazquez,Guillermo"]
[Result "1/2-1/2"]
[WhiteElo "2093"]
[BlackElo "2168"]

1.d4 Nf6 2.Bg5 g6 3.Bxf6 exf6 4.c4 Bg7 5.Nc3 O-O 6.e3 d6 7.g3 Re8 8.Bg2 c6
9.Nge2 Bg4 10.b4 Bxe2 11.Qxe2 f5 12.Qd3 Nd7 13.O-O Nf6 14.b5 Qc7 15.Rab1 c5
16.Rb3 Rac8 17.Nd5 Nxd5 18.Bxd5 cxd4 19.exd4 Qb6 20.Rd1 Rc7 21.Qd2 Rce7 22.Bf3 Rc8
23.Qc3 h5 24.a4 a5 25.bxa6 Qxa6 26.Rb4 Rec7 27.Bd5 Qa5 28.Qb3 Qa7 29.Bxb7 Rb8
30.Bd5 Rxb4 31.Qxb4 Kh7 32.Qxd6 Qxa4 33.Rc1 Rd7 34.Qb6 Qa3 35.Rd1 Qc3 36.Kg2 Qc2
37.Bf3 Qxc4 38.d5 Qc7 39.Qxc7 Rxc7 40.d6 Rd7 41.Bc6 Rd8 42.d7 Bf6 43.Re1 Rb8
44.Re8 Rb6 45.Rc8 Kg7 46.h4 f4 47.gxf4 Bxh4 48.Kf3 Bf6 49.Ke3 h4 50.Kf3 Rb3+
51.Ke2 Rb6 52.Kf1 Rb1+ 53.Ke2  1/2-1/2